Cuarto seminario nacional de estudios literarios

Kaydedildi:
Detaylı Bibliyografya
Materyal Türü: Kitap
Dil:İspanyolca
Baskı/Yayın Bilgisi: Valparaíso Universidad Católica de Valparaíso 1986
Edisyon:1a. ed
Konular:
Etiketler: Etiketle
Etiket eklenmemiş, İlk siz ekleyin!

MARC

LEADER 00000nam a2200000 a 4500
001 UCX3459
003 CL-VaPUC
005 20210619001649.0
008 911107e19860000cl 1 spa d
082 0 4 |a 809.8  |b CUA  |2 21 
245 1 0 |a Cuarto seminario nacional de estudios literarios 
250 |a 1a. ed 
260 |a Valparaíso  |b Universidad Católica de Valparaíso  |c 1986 
300 |a 468 p 
583 |a last modification  |c 20130423 04:22:18  |k Rodrigo Vera 
650 0 0 |a Literatura hispanoamericana  |9 269097 
650 0 7 |a CONGRESOS, CONFERENCIAS, ETC  |2 CL-VaPUC  |9 255444 
650 0 7 |a ARCHIVO HISTORICO PUCV  |9 606533  |2 CL-VaPUC 
942 |c BK 
945 |d 19911107 00:00:00 
546 |a En Español 
536 |a Universidad Catolica de Valparaiso 
518 |p Seminario Nacional de Estudios Literarios, 4, Valparaiso, 18 al 21 de Noviembre de 1986 
999 |c 382139  |d 382137 
952 |0 0  |1 0  |4 0  |6 809_800000000000000_CUA_1986  |7 0  |8 A  |9 503686  |a BIBEDU  |b BIBEDU  |d 2020-01-23  |i 2894319  |o 809.8 CUA 1986  |p 2894319  |r 2020-01-23  |w 2020-01-23  |y BK  |k LIT 
952 |0 0  |1 0  |4 0  |6 809_800000000000000_CUA_1986  |7 0  |8 A  |9 503687  |a BIBEDU  |b BIBEDU  |d 2020-01-23  |i 276377K  |o 809.8 CUA 1986  |p 276377K  |r 2020-01-23  |w 2020-01-23  |y BK  |k LIT 
952 |0 0  |1 0  |4 0  |6 809_800000000000000_CUA_1986  |7 0  |8 A  |9 503688  |a BIBEDU  |b BIBEDU  |d 2020-01-23  |i 1425188  |o 809.8 CUA 1986  |p 1425188  |r 2020-01-23  |w 2020-01-23  |y BK  |k LIT 
952 |0 0  |1 0  |4 0  |6 809_800000000000000_CUA_1986  |7 0  |8 X  |9 503689  |a FDOBUD  |b FDOBUD  |d 2020-01-23  |i 107329K  |o 809.8 CUA 1986  |p 107329K  |r 2020-01-23  |w 2020-01-23  |y BK_X  |k FHP